00685 2200253 4500001002100000005001700021008004100038020001800079035002400097082001600121090002300137100001900160245007400179250001100253260002800264300002900292500003000321650001700351850001600368980001300384985000600397986001300403999001500416YOGYA-0209000001560720090227022540.0 ind  a979-421-262-8 0010-020900000015607 a346.0709598 a346.0709598bAsi H aASIKIN, Zainal aHukum kepailitan dan penundaan pembayaran di IndonesiacZainal Asikin aCet. 1 aJakartabRajawalic1991 axi, 101 hlmbilusc21 cm aBibliografi : hlm. 99-101 aHukum dagang aYOPDYOG (B) a12-09-05 a1 afwhrtrev a94P0048889